[Event "Budapest FS03 FM"]
[Site "Budapest"]
[Date "2024.03.08"]
[Round "6"]
[White "Mayer, Istvan"]
[Black "Szalanczy, Emil"]
[Result "1-0"]
[WhiteElo "1872"]
[BlackElo "1869"]
[PlyCount "49"]
[EventDate "2024.03.02"]
[EventType "swiss"]
[EventRounds "9"]
[EventCountry "HUN"]
[SourceTitle "CB13_2024"]
[SourceDate "2024.03.27"]
[SourceVersion "1"]
[SourceVersionDate "2024.03.27"]
[SourceQuality "1"]

1. e4 c5 2. Nf3 d6 3. Bb5+ Nd7 4. 0-0 a6 5. Bc4 e6 6. d4 Ne7 7. Re1 b5 8. Bf1 Bb7 9. g3 Ng6 10. Bg2 Be7 11. a4 b4 12. a5 Qc7 13. h4 Nf6 14. e5 dxe5 15. dxe5 Nd5 16. c4 bxc3 17. Nxc3 Nxc3 18. bxc3 0-0 19. h5 Nh8 20. Qa4 Rad8 21. Rb1 h6 22. Qg4 g6 23. hxg6 Nxg6 24. Bxh6 Rfe8 25. Rb6 1-0

[Event "Budapest FS03 FM"]
[Site "Budapest"]
[Date "2024.03.04"]
[Round "2"]
[White "Mayer, Istvan"]
[Black "Ladanyi, Tibor"]
[Result "0-1"]
[WhiteElo "1872"]
[BlackElo "1953"]
[PlyCount "112"]
[EventDate "2024.03.02"]
[EventType "swiss"]
[EventRounds "9"]
[EventCountry "HUN"]
[SourceTitle "CB13_2024"]
[SourceDate "2024.03.27"]
[SourceVersion "1"]
[SourceVersionDate "2024.03.27"]
[SourceQuality "1"]

1. e4 c5 2. Nf3 Nc6 3. d4 cxd4 4. Nxd4 Nf6 5. Nc3 e5 6. Ndb5 d6 7. Bg5 a6 8. Na3 Be6 9. Bc4 Be7 10. 0-0 0-0 11. Bxf6 Bxf6 12. Bxe6 fxe6 13. Qg4 Qe7 14. Nc4 Nd4 15. Qd1 Rac8 16. Qd3 Rc7 17. a4 Nxc2 18. Qxc2 Rxc4 19. Qb3 Rfc8 20. a5 Qd7 21. Na4 Bd8 22. Nc3 h6 23. g3 Kh8 24. Rfd1 Qc6 25. Rd3 Bc7 26. Rad1 Rf8 27. f3 Bb8 28. Kg2 Rd8 29. R1d2 Kh7 30. Rd1 Rc8 31. R1d2 Kg6 32. h4 Kh7 33. Re2 Rf8 34. Red2 Rc8 35. Re2 Kh8 36. Red2 Rf8 37. Re2 Rf7 38. Red2 Bc7 39. Ne2 Rd7 40. Qa2 Qc5 41. b3 Rb4 42. h5 d5 43. exd5 exd5 44. Nc3 Rd4 45. Rxd4 exd4 46. Ne2 Qxa5 47. Qc2 Be5 48. Qf5 Rd8 49. Rc2 Bf6 50. Nf4 Qb6 51. Re2 d3 52. Qxd3 d4 53. Ng6+ Kg8 54. Qc4+ Kh7 55. Qf7 Qb5 56. Re8 Qxe8 0-1

[Event "Budapest FS02 FM"]
[Site "Budapest"]
[Date "2024.02.03"]
[Round "1"]
[White "Mayer, Istvan"]
[Black "Nagy, Peter1"]
[Result "1-0"]
[WhiteElo "1809"]
[BlackElo "1498"]
[PlyCount "61"]
[EventDate "2024.02.03"]
[EventType "tourn"]
[EventRounds "10"]
[EventCountry "HUN"]
[SourceTitle "CB08_2024"]
[SourceDate "2024.02.21"]
[SourceVersion "1"]
[SourceVersionDate "2024.02.21"]
[SourceQuality "1"]

1. e4 c6 2. d4 d5 3. Nc3 dxe4 4. Nxe4 Nd7 5. Bc4 Ngf6 6. Qe2 e6 7. Nf3 Qc7 8. 0-0 Nxe4 9. Qxe4 Nf6 10. Qh4 h6 11. Bf4 Bd6 12. Be5 Bxe5 13. dxe5 Nd5 14. Rad1 Bd7 15. Be2 0-0 16. c4 Nb6 17. Rd4 f5 18. g4 c5 19. Rd6 Rae8 20. g5 Rf7 21. gxh6 gxh6 22. Qxh6 Rg7+ 23. Kh1 Bc6 24. Rxe6 Rf8 25. Rg1 Rff7 26. Qf4 Rxg1+ 27. Kxg1 Rg7+ 28. Ng5 Qd8 29. h4 Nxc4 30. Qxc4 Bd5 31. Re8+ 1-0

[Event "Budapest FS10 FM"]
[Site "Budapest"]
[Date "2023.10.11"]
[Round "5"]
[White "Mayer, Istvan"]
[Black "Szlenka, Attila"]
[Result "1-0"]
[WhiteElo "1776"]
[BlackElo "1495"]
[PlyCount "65"]
[EventDate "2023.10.07"]
[EventType "tourn"]
[EventRounds "9"]
[EventCountry "HUN"]
[SourceTitle "Mega2024 Update 01"]
[Source "Chessbase"]
[SourceDate "2023.11.12"]
[SourceVersion "1"]
[SourceVersionDate "2023.11.12"]
[SourceQuality "1"]

1. e4 d6 2. d4 g6 3. Bc4 Bg7 4. Nf3 e6 5. 0-0 Ne7 6. Re1 0-0 7. Bg5 h6 8. Be3 d5 9. Bd3 Nd7 10. Qc1 Kh7 11. h4 dxe4 12. Bxe4 Nf6 13. Bd3 Ng4 14. c4 Nxe3 15. fxe3 f5 16. Nc3 e5 17. Bf1 e4 18. Nh2 Ng8 19. g3 Nf6 20. Bg2 g5 21. hxg5 hxg5 22. Qc2 c6 23. Rad1 Nh5 24. Nf1 Bd7 25. b4 Qc8 26. b5 c5 27. g4 Nf6 28. gxf5 Bxf5 29. dxc5 Qxc5 30. Nd5 Nd7 31. Ng3 Kg8 32. Nxe4 Bxe4 33. Bxe4 1-0

[Event "Budapest FS08 FM"]
[Site "Budapest"]
[Date "2023.08.08"]
[Round "4.3"]
[White "Mayer, Istvan"]
[Black "Szivak, Andras"]
[Result "1-0"]
[WhiteElo "1755"]
[BlackElo "1735"]
[PlyCount "55"]
[EventDate "2023.08.05"]
[EventType "tourn"]
[EventRounds "10"]
[EventCountry "HUN"]
[SourceTitle "EXT 2024"]
[Source "ChessBase"]
[SourceDate "2023.10.10"]
[SourceVersion "1"]
[SourceVersionDate "2023.10.10"]
[SourceQuality "1"]

1. e4 e6 2. d4 d5 3. e5 c5 4. c3 Nc6 5. Nf3 Qb6 6. Be2 Bd7 7. 0-0 0-0-0 8. dxc5 Qc7 9. Ng5 Nh6 10. b4 Nxe5 11. Na3 f6 12. Nh3 g5 13. f4 g4 14. Nf2 Ng6 15. Nxg4 Nxg4 16. Bxg4 f5 17. Bh3 Bg7 18. Qd3 Bh6 19. g3 Rhg8 20. Bg2 Bg7 21. Be3 Be8 22. Nc2 Qd7 23. Nd4 Bxd4 24. Bxd4 Qb5 25. Qe3 Bf7 26. a4 Qd7 27. Rfd1 Qe7 28. c4 1-0

[Event "Budapest FS12 FM"]
[Site "Budapest"]
[Date "2022.12.12"]
[Round "9"]
[White "Hradeczky, Tamas"]
[Black "Mayer, Istvan"]
[Result "1/2-1/2"]
[WhiteElo "1783"]
[BlackElo "1838"]
[PlyCount "34"]
[EventDate "2022.12.03"]
[EventType "tourn"]
[EventRounds "10"]
[EventCountry "HUN"]
[SourceTitle "CBM 212 Extra"]
[Source "ChessBase"]
[SourceDate "2023.03.31"]
[SourceVersion "1"]
[SourceVersionDate "2023.03.31"]
[SourceQuality "1"]

1. d4 d5 2. Nf3 Nf6 3. g3 Bg4 4. Bg2 Nbd7 5. Nbd2 e6 6. c4 dxc4 7. Nxc4 Bb4+ 8. Bd2 Qe7 9. 0-0 Bxd2 10. Qxd2 0-0 11. Nce5 Bf5 12. Nxd7 Nxd7 13. Nh4 Bg4 14. Nf3 Bf5 15. Nh4 Bg4 16. Nf3 Bf5 17. Nh4 Bg4 1/2-1/2

[Event "Budapest FS11 FM"]
[Site "Budapest"]
[Date "2022.11.14"]
[Round "8"]
[White "Mayer, Istvan"]
[Black "Hradeczky, Tamas"]
[Result "1/2-1/2"]
[WhiteElo "1825"]
[BlackElo "1774"]
[PlyCount "48"]
[EventDate "2022.11.05"]
[EventType "tourn"]
[EventRounds "9"]
[EventCountry "HUN"]
[SourceTitle "CBM 211 Extra"]
[Source "ChessBase"]
[SourceDate "2023.01.31"]
[SourceVersion "1"]
[SourceVersionDate "2023.01.31"]
[SourceQuality "1"]

1. e4 e5 2. Nf3 Nc6 3. Bb5 a6 4. Ba4 Nf6 5. 0-0 Be7 6. Re1 b5 7. Bb3 0-0 8. c3 d6 9. h3 Na5 10. Bc2 c5 11. d4 cxd4 12. cxd4 Nc6 13. dxe5 dxe5 14. Nc3 Bb7 15. Be3 Qxd1 16. Raxd1 Rac8 17. Bb1 Rfe8 18. a3 h6 19. Bb6 Bf8 20. Be3 Be7 21. Bb6 Bf8 22. Be3 Be7 23. Bb6 Bf8 24. Be3 Be7 1/2-1/2